Epidemiology kept simple (Record no. 69897)
[ view plain ]
| 000 -LEADER | |
|---|---|
| fixed length control field | 01919nam a2200325 a 4500 |
| 082 04 - DEWEY DECIMAL CLASSIFICATION NUMBER | |
| Classification number | 614.4 |
| 100 1# - MAIN ENTRY--AUTHOR NAME | |
| Personal name | Gerstman, B. Burt. |
| 245 10 - TITLE STATEMENT | |
| Title | Epidemiology kept simple |
| 250 ## - EDITION STATEMENT | |
| Edition statement | 3rd ed. |
| 260 ## - PUBLICATION, DISTRIBUTION, ETC. (IMPRINT) | |
| Place of publication | Chichester, West Sussex : |
| Name of publisher | Wiley-Blackwell, |
| Year of publication | 2013. |
| 300 ## - PHYSICAL DESCRIPTION | |
| Number of Pages | xvi, 461 p. : |
| Other physical details | ill. |
| 505 0# - FORMATTED CONTENTS NOTE | |
| Formatted contents note | Epidemiology past and present -- Causal concepts -- Epidemiologic measures -- Descriptive epidemiology -- Introduction to epidemiologic study design -- Experimental studies -- Observational cohort studies -- Case control studies -- Error in epidemiologic research -- Screening for disease -- The infectious disease process -- Outbreak investigation -- Confidence intervals and p values -- Mantel/Haenszel methods -- Statistical interaction : effect measure modification -- Case definitions and disease classification -- Survival analysis -- Current life tables -- Random distribution of cases in time and space. |
| 650 #0 - SUBJECT ADDED ENTRY--TOPICAL TERM | |
| Topical Term | Epidemiology. |
| 856 40 - ELECTRONIC LOCATION AND ACCESS | |
| Uniform Resource Identifier | http://site.ebrary.com/lib/rucke/Doc?id=10662552 |
| 588 ## - | |
| -- | Description based on print version record and CIP data provided by publisher; resource not viewed. |
No items available.
